Bands from Los Angeles - Statistics

General Stats
  • This quiz has been taken 39 times
    28 since last reset
  • The average score is 30 of 152
Answer Stats
Signature song Band name % Correct
Sweet Child O' Mine Guns N' Roses
96%
Hotel California Eagles
91%
Under the Bridge Red Hot Chili Peppers
87%
Good Vibrations The Beach Boys
87%
Enter Sandman Metallica
83%
Walk Like an Egyptian The Bangles
83%
Africa Toto
83%
Killing In the Name Rage Against the Machine
78%
Light My Fire The Doors
78%
Don't Speak No Doubt
70%
Every Rose Has It's Thorn Poison
70%
Jump Van Halen
70%
I Gotta Feeling Black Eyed Peas
65%
Kickstart My Heart Mötley Crüe
65%
Party Rock Anthem LMFAO
61%
Chop Suey! System of a Down
61%
California Dreamin' The Mamas and the Papas
61%
I'm a Believer The Monkees
61%
Island in the Sun Weezer
61%
Pumped Up Kicks Foster the People
57%
Turn! Turn! Turn! The Byrds
57%
Celebrity Skin Hole
52%
Jane says Jane's Addiction
52%
Cum On Feel the Noize Quiet Riot
52%
Low Rider War
52%
For What It's Worth Buffalo Springfield
48%
Symphony of Destruction Megadeth
48%
Happy Together The Turtles
48%
Insane in the Brain Cypress Hill
43%
In the End Linkin Park
43%
No One Knows Queens of the Stone Age
43%
Joy to the World Three Dog Night
43%
Cherry Pie Warrant
43%
We Got the Beat The Go-Go's
39%
Cherry Bomb The Runaways
39%
Round and Round Ratt
35%
Like a Stone Audioslave
30%
La Bamba Los Lobos
30%
You're Gonna Go Far Kid The Offspring
30%
Broken Wings Mr. Mister
26%
Santeria Sublime
26%
One Headlight The Wallflowers
26%
Hail to the King Avenged Sevenfold
22%
Sail AWOLNATION
22%
(They Long to Be) Close to You Carpenters
22%
Surf City Jan and Dean
22%
Sugar Maroon 5
22%
Raising Blood Slayer
22%
Slither Velvet Revolver
22%
Safe and Sound Capital Cities
17%
The Reason Hoobastank
17%
This Town Ain't Big Enough For Both of Us Sparks
17%
Such Great Heights The Postal Service
17%
Turn Up the Radio Autograph
13%
American Jesus Bad Religion
13%
Rise Above Black Flag
13%
Going Up the Country Canned Heat
13%
Butterfly Crazy Town
13%
Once Bitten Twice Shy Great White
13%
Tongue Tied Grouplove
13%
Alone Again Or Love
13%
To Be With You Mr. Big
13%
Story of My Life Social Distortion
13%
Stillborn Black Label Society
9%
Everything I Own Bread
9%
Out of My League Fitz and the Tantrums
9%
Bad Company Five Finger Death Punch
9%
Drunken Lullabies Flogging Molly
9%
Undead Hollywood Undead
9%
Drive Incubus
9%
The Ballad of Jayne L.A. Guns
9%
Willin' Little Feat
9%
Corona Minutemen
9%
Linoleum NOFX
9%
Wishing on a Star Rose Royce
9%
Incense and Peppermints Strawberry Alarm Clock
9%
Yakety Yak The Coasters
9%
Earth Angel The Penguins
9%
Schism Tool
9%
I Wanna Be Somebody W.A.S.P.
9%
Cough Syrup Young the Giant
9%
Biggest Part of Me Ambrosia
4%
First Cold War Kids
4%
Joey Concrete Blonde
4%
High Enough Damn Yankees
4%
Miss Alissa Eagles of Death Metal
4%
Cool Kids Echosmith
4%
I Need Some Sleep Eels
4%
Hero Family of the Year
4%
Like a G6 Far East Movement
4%
Space Cadet Kyuss
4%
Shake It Metro Station
4%
Classic MKTO
4%
Dead Man's Party Oingo Boingo
4%
Caliornia Phantom Planet
4%
Crazy Love Poco
4%
Sell Out Reel Big Fish
4%
My Type Saint Motel
4%
Alive With the Glory of Love Say Anything
4%
Wham Bam Silver
4%
Life is Beautiful Sixx:A.M.
4%
Closer to the Sun Slightly Stoopid
4%
Every Morning Sugar Ray
4%
I Had Too Much to Dream The Electric Prunes
4%
Only You (And You Alone) The Platters
4%
Can't Seem to Make You Mine The Seeds
4%
Black Honey Thrice
4%
Los Angeles X
4%
I Do (Cherish You) 98 Degrees
0%
Anda Y Ve Akwid
0%
Catamaran Allah-Las
0%
Is It Too Late For Me? Beowülf
0%
Feeling OK Best Coast
0%
Black Lipstick Chicano Batman
0%
Loco Coal Chamber
0%
They Say Daron Malakian and Scars on Broadway
0%
Things Happen Dawes
0%
Hope Descendents
0%
Alone Again Dokken
0%
Home Edward Sharpe and the Magnetic Zeros
0%
This Head I Hold Electric Guest
0%
House of Pain Faster Pussycat
0%
Linchpin Fear Factory
0%
No Waves FIDLAR
0%
Emily From First to Last
0%
The Wire HAIM
0%
Crimewave HEALTH
0%
Here (In Your Arms) Hellogoodbye
0%
Anna-Lena Honk
0%
Dark Blue Jack's Mannequin
0%
You and Me Lifehouse
0%
Dark Days Local Natives
0%
Oldie Odd Future
0%
I feel the love R5
0%
Silver Lining Rilo Kiley
0%
When Did Your Heart Go Missing Rooney
0%
You're Not Alone Saosin
0%
You're a Wolf Sea Wolf
0%
Tear You Apart She Wants Revenge
0%
Lazy Eye Silversun Pickups
0%
Dreaming Smallpools
0%
New Disease Spineshank
0%
Push It Static-X
0%
Sometime Around Midnight The Airborne Toxic Event
0%
How Deep Is Your Love The Bird and the Bee
0%
Time Has Come Today The Chambers Brothers
0%
Engine 45 The Ghost Inside
0%
I Don't Know You The Marías
0%
New Fang Them Crooked Vultures
0%
My Girlfriend's Dead The Vandals
0%
Feels Good Volumes
0%
Billie Holiday Warpaint
0%
No matching quizzes found
Score Distribution
Percent of People with Each Score
Percentile by Number Answered
Your Score History
You have not taken this quiz since the last reset